[Event "XLIV Sevilla Open 2019"]
[Site "Sevilla"]
[Date "2019.01.13"]
[Round "3"]
[White "Xu, Xiangyu"]
[Black "Hernandez Munoz, Antonio Ramon"]
[Result "1-0"]
[WhiteElo "2567"]
[BlackElo "2261"]
[Annotator "TA"]
[PlyCount "75"]
[EventDate "2019.01.11"]
[EventType "swiss"]
[EventCountry "ESP"]
[SourceTitle "playchess.com"]
[Source "ChessBase"]
[SourceQuality "1"]

{[%evp 17,75,19,13,-12,48,0,0,0,8,0,72,74,46,46,89,94,78,78,168,166,164,170,256,259,289,280,287,287,307,296,306,293,292,239,334,328,400,383,385,399,460,462,435,439,3252,2937,29989,29990,29990,29991,29991,29992,29992,29993,29993,29993,29993,29994,29994,1039]} 1. Nf3 Nf6 {[%cal Bg8f6,Bf6d5,Bd5b4,Bb4d3,Bd3f4][%mdl 32]} 2. c4 c5 3. Nc3 d5 4. cxd5 Nxd5 5. e4 Nb4 6. Bc4 Nd3+ 7. Ke2 Nf4+ {A34: Symmetrical English: 2 Nc3, lines with ...d5} 8. Kf1 Ne6 9. d3 (9. h4 Nd4 10. Nb5 Be6 11. d3 Nbc6 12. Nbxd4 Bxc4 13. dxc4 cxd4 14. Bf4 e6 15. Rh3 {0-1 (35) Dominguez Perez,L (2739)-Vachier Lagrave,M (2779) Saint Louis 2018}) 9... Nc6 {LiveBook: 13 Games. The position is equal.} 10. Ng5 Ncd4 (10... Nxg5 $11 11. Bxg5 Qd7) 11. Ne2 $146 ({Predecessor:} 11. Nxe6 Bxe6 12. Bxe6 Nxe6 13. Qa4+ Qd7 14. Qxd7+ Kxd7 15. Be3 {0-1 (48) Volodin,I (2085)-Frolov,A (2435) Perm 2007}) 11... Nxg5 12. Bxg5 {next Nxd4 is good for White.} h6 13. Bf4 a6 (13... Nc6 $11) 14. Nxd4 $16 Qxd4 15. Be3 $36 {[%mdl 2048] White is more active.} Qd6 16. Qa4+ Bd7 17. Qb3 O-O-O (17... e6 $16 {might work better.}) 18. Bxf7 $18 {Hoping for Rc1.} e6 19. Rc1 b6 (19... Qe5 {keeps fighting.} 20. Qb6 Bc6) 20. d4 {[%cal Bd3d4,Bd4d5][%mdl 32]} Bb5+ 21. Kg1 c4 22. d5 e5 23. Qc3 Kb7 24. Be6 Be7 25. g3 Rhf8 26. Kg2 g5 27. b3 cxb3 28. Qxb3 Qb4 29. Qc2 {Qc7+ is the strong threat.} Bd6 30. Rb1 Qa3 {[#]} (30... Qa5 $142 31. h4 gxh4 32. Rxh4 (32. Bxh6 Rc8 $18) 32... Rh8) 31. Rxb5 $1 {[%mdl 576] Threatening mate with Qc6+. Remove Defender} axb5 32. Qc6+ {[%mdl 64] Double Attack. White mates.} Kb8 33. Qxb6+ Ka8 34. Qc6+ Kb8 35. Qxb5+ Ka8 36. Qc6+ Kb8 37. Rb1+ Bb4 38. Qb6+ {Accuracy: White = 79%, Black = 35%.} (38. d6 $142 Rxf2+ 39. Kh1 Qc1+ 40. Rxc1 Rxh2+ 41. Kxh2 Bxd6 42. Bd5 Rh8 43. Qxd6#) 1-0

[Event "XLIV Sevilla Open 2019"]
[Site "Sevilla"]
[Date "2019.01.13"]
[Round "3"]
[White "Grigoryan, Karen H."]
[Black "Kolotilina, Liudmila"]
[Result "1-0"]
[WhiteElo "2557"]
[BlackElo "2226"]
[Annotator "TA"]
[PlyCount "43"]
[EventDate "2019.01.11"]
[EventType "swiss"]
[EventCountry "ESP"]
[SourceTitle "playchess.com"]
[Source "ChessBase"]
[SourceQuality "1"]

{[%evp 9,43,43,37,15,12,7,50,52,54,60,48,44,106,80,131,139,156,153,263,291,327,327,299,319,562,521,853,868,870,848,29987,29988,29988,1822,29989,29990]} 1. e4 c5 2. Nf3 Nc6 3. Bb5 e5 4. O-O (4. Bxc6 dxc6 5. d3 Bd6 6. Nbd2 Ne7 7. Nc4 Ng6 8. Be3 f6 9. Nxd6+ Qxd6 10. Nd2 Be6 11. a4 a5 {0-1 (59) Malakhov,V (2654)-Kozul,Z (2612) Zagreb 2018}) 4... Bd6 5. c3 {[%cal Bc2c3,Bc3d4,Bd4e5][%mdl 32]} a6 {LiveBook: 13 Games} 6. Bxc6 {B30: Sicilian: 2...Nc6 3 Bb5, lines without ...g6} dxc6 7. d4 cxd4 8. cxd4 {White is slightly better.} Bg4 $146 ({Predecessor:} 8... exd4 9. Qxd4 Ne7 10. Qxg7 Rg8 11. Qxh7 Bg4 {1-0 (34) Cruz,J (2080)-Tapisso,G (1720) Matosinhos 2012}) 9. dxe5 Bc7 10. Nbd2 Qd3 (10... Ne7 $14) 11. a4 $36 {[%mdl 2048] White is really pushing.} O-O-O (11... Ne7 $142) 12. Ra3 $16 Qd7 13. b4 Qe6 (13... Bxf3 $16 14. Qxf3 Qe6) 14. Qc2 $18 Kb8 {[#]} 15. b5 $1 {[%mdl 512]} cxb5 (15... axb5 16. axb5) 16. axb5 axb5 $2 (16... a5 17. Nc4 Bxf3) 17. Bb2 {Threatens to win with Rfa1.} ({Weaker is} 17. Qc5 Ne7 $18) 17... b4 {[#]} 18. Ra8+ $1 {[%mdl 576] Deflection} Kxa8 19. Qxc7 Rd3 20. Ra1+ Qa6 21. Rxa6+ bxa6 22. Bd4 {Accuracy: White = 91%, Black = 23%.} 1-0

[Event "XLIV Sevilla Open 2019"]
[Site "Sevilla"]
[Date "2019.01.13"]
[Round "3"]
[White "Xu, Yi"]
[Black "Silva Lucena, Cristian"]
[Result "1-0"]
[WhiteElo "2528"]
[BlackElo "2211"]
[Annotator "TA"]
[PlyCount "107"]
[EventDate "2019.01.11"]
[EventType "swiss"]
[EventCountry "ESP"]
[SourceTitle "playchess.com"]
[Source "ChessBase"]
[SourceQuality "1"]

{[%evp 37,107,0,29,-2,4,0,28,14,25,14,15,20,32,0,0,-89,-100,-91,-97,-71,-65,-135,-123,-124,-107,-99,-103,-89,-104,-68,-68,-92,-84,-94,-20,-20,-20,-14,-14,-18,-20,-27,-28,-23,0,-112,-10,-18,8,8,9,13,49,47,122,116,137,126,147,138,183,181,261,261,360,339,371,343,341,258,254,242]} 1. e4 e5 2. Nf3 Nc6 3. Bb5 a6 4. Ba4 Nf6 5. O-O b5 6. Bb3 Be7 7. Re1 d6 8. c3 O-O 9. d4 Bg4 10. Be3 exd4 11. cxd4 d5 12. e5 Ne4 13. Nc3 Nxc3 14. bxc3 Na5 15. Bc2 Nc4 {C91: Closed Ruy Lopez: 7...d6 8 c3 0-0 9 d4} 16. Qd3 g6 17. Bh6 Re8 18. h3 Be6 (18... Bf5 19. Qe2 Bxc2 20. Qxc2 Qd7 21. Nh2 a5 22. Ng4 Ra6 23. f4 {1-0 (55) Areshchenko,A (2714)-Melkumyan,H (2634) Germany 2013}) 19. g4 a5 {LiveBook: 4 Games} 20. Re2 Ra6 21. Nh2 Bd7 $146 ({Predecessor:} 21... b4 22. f4 f5 23. exf6 Bxf6 {1-0 (40) Petrisor,A (2322)-Fodor,T (2433) Pardubice 2009}) 22. f4 b4 23. f5 Bg5 24. Bxg5 Qxg5 25. Qg3 gxf5 26. Nf3 (26. Rf1 $1 $11) 26... Qg7 $17 {[%cal Rf5g4]} 27. g5 bxc3 28. Nh4 Nd6 {White must now prevent ...Ne4.} 29. Bd3 ({Better is} 29. Qxc3 $15 Ne4 30. Qxc7) 29... Rb6 30. Kh2 Rb2 31. Rxb2 cxb2 32. Rb1 Ne4 33. Bxe4 fxe4 34. Rxb2 {[#]} c5 $1 {[%cal Rc5d4][%mdl 512]} 35. Rb7 {[#]} (35. dxc5 Qxe5) 35... cxd4 (35... Be6 $1 $17 36. dxc5 Rc8) 36. Rxd7 $11 {And now e6 would win.} Qxe5 {Threatening ...d3.} 37. Ng2 $1 e3 38. Qxe5 Rxe5 {[%mdl 4096] Endgame KRN-KR} 39. Ne1 Rxg5 40. Nd3 Rf5 41. Rd8+ Kg7 {White should prevent ...Rf1.} 42. Kg2 $1 Rg5+ 43. Kf3 Rf5+ 44. Ke2 Rg5 45. Ne1 Rh5 (45... Kg6 $14) 46. Nf3 $16 Rxh3 47. Rxd5 Rg3 48. Rxa5 ({Resist} 48. Nxd4 $6 Rg2+ 49. Kxe3 Rxa2 $14) 48... Rg2+ 49. Kd3 f5 (49... h5 $142 50. Nxd4 e2 51. Nxe2 h4) 50. Nxd4 $18 h5 51. Nxf5+ Kf6 52. Nxe3 Rb2 53. Ke4 h4 {Now ...h3 and Black clings on.} 54. Kf4 {Accuracy: White = 69%, Black = 44%.} 1-0

[Event "XLIV Sevilla Open 2019"]
[Site "Sevilla"]
[Date "2019.01.13"]
[Round "3"]
[White "Vasquez Schroeder, Rodrigo"]
[Black "Priyanka Nutakki"]
[Result "1-0"]
[WhiteElo "2499"]
[BlackElo "2195"]
[Annotator "TA"]
[PlyCount "131"]
[EventDate "2019.01.11"]
[EventType "swiss"]
[EventCountry "ESP"]
[SourceTitle "playchess.com"]
[Source "ChessBase"]
[SourceQuality "1"]

{[%evp 21,131,22,37,21,33,23,26,25,37,30,32,28,26,14,29,29,61,18,18,19,24,24,31,20,54,54,54,50,85,77,63,58,96,92,132,133,149,139,167,163,158,159,206,147,164,147,147,147,147,147,147,147,147,147,147,147,147,147,147,140,300,224,249,239,236,235,314,283,262,147,147,140,140,141,202,206,202,204,265,268,312,311,309,254,309,309,300,311,331,328,317,300,292,292,504,497,487,489,483,483,483,483,487,610,852,821,29980,29981,29979,29977,29975,4826]} 1. e4 e6 2. d4 d5 3. Nc3 Nf6 4. Bg5 dxe4 5. Nxe4 {[%mdl 64] Pin} Be7 6. Bxf6 Bxf6 7. Nf3 Bd7 8. c3 Bc6 9. Bd3 Nd7 10. Qe2 Bxe4 11. Bxe4 c6 12. h4 {C13: French: Classical System: 4 Bg5 Be7, Alekhine-Chatard Attack} h6 $146 ({Predecessor:} 12... Qc7 13. Ng5 h6 14. Qh5 Bxg5 15. hxg5 Qf4 16. Rh4 Qd6 17. Qf3 Qe7 18. Qg3 O-O-O 19. gxh6 Rxh6 20. Rxh6 gxh6 {½-½ (56) Klerides,P (2188)-Sargsyan,A Limassol 2001}) 13. a4 a5 14. g3 {White has an edge.} Qc7 15. O-O O-O 16. Bc2 Rfe8 17. Qe4 Nf8 18. Rfe1 c5 19. dxc5 Qxc5 20. Red1 Rac8 21. Bd3 ({Of course not} 21. Qxb7 Rb8 $15) 21... Red8 22. Bb5 (22. Rd2 {with more complications.} Rd5 23. Rb1 Rcd8 24. Rbd1 Ng6 25. Bc2) 22... Qf5 23. Qxf5 ({Don't blunder} 23. Qxb7 $2 Rb8 $19) 23... exf5 24. Nd2 Be5 25. Nc4 Bc7 26. Ne3 f4 27. Nd5 {Threatens to win with Ne7+.} fxg3 28. Ne7+ {[%mdl 64] Double Attack} Kh8 29. Nxc8 gxf2+ 30. Kxf2 Rxc8 31. Rd5 Ng6 32. Rh1 Kg8 33. h5 Ne5 34. Re1 f6 35. Be2 Kf8 36. Kg2 Re8 37. Bb5 $36 {[%mdl 2048] White is in control.} Re7 38. Red1 Kg8 39. Kh3 Kf8 40. Bd3 Nf7 $2 (40... b6 $16 41. Bb5 Nf7) 41. Kg2 Ne5 42. Bg6 $1 {White threatens Rd8+! and mate.} Re6 43. Rc5 $1 {[%cal Rc5c7]} Re7 44. Rb5 b6 45. Rbd5 ({Only move:} 45. b4 $1 $18) 45... Re6 $16 46. Bf5 Re7 47. R1d4 Kf7 (47... Re8 $16 48. Kf2 Kg8) 48. Re4 Kf8 49. b4 $1 {[%cal Bb2b4,Bb4b5][%mdl 32]} Ke8 50. b5 Bd8 51. c4 Rc7 52. Bg6+ $1 Ke7 {[#]} 53. Red4 $1 Rd7 {[#]} 54. Bf5 $1 {[%cal Rf5d7]} Rxd5 55. Rxd5 Nxc4 $18 {[%mdl 4096] Endgame ...Ne3+ is the strong threat. KRB-KBN} 56. Rd7+ Ke8 {And now ...Ne3+ would win.} 57. Be6 Ne5 $2 (57... Nb2 {keeps fighting.} 58. Rxg7 Be7) 58. Rxg7 Be7 59. Rh7 Bf8 60. Bf5 Nc4 {next ...Ne3+ is good for Black.} 61. Kf3 Nd6 62. Be6 Be7 63. Rxh6 Nf7 64. Bxf7+ $1 {White mates.} Kxf7 65. Rh7+ Ke6 66. Rh8 {Accuracy: White = 82%, Black = 43%.} (66. h6 $142 Bd6 67. Rb7 Be5 68. h7 f5 69. Rxb6+ Kd7 70. Rb8 {[%mdl 64] Deflection, Promotion} Bxb8 71. h8=Q) 1-0

[Event "XLIV Sevilla Open 2019"]
[Site "Sevilla"]
[Date "2019.01.13"]
[Round "3"]
[White "Harutjunyan, Gevorg"]
[Black "Garcia Trobat, Francisco"]
[Result "1-0"]
[WhiteElo "2476"]
[BlackElo "2193"]
[Annotator "TA"]
[PlyCount "109"]
[EventDate "2019.01.11"]
[EventType "swiss"]
[EventCountry "ESP"]
[SourceTitle "playchess.com"]
[Source "ChessBase"]
[SourceQuality "1"]

{[%evp 19,109,49,94,89,79,83,91,18,104,102,118,97,112,116,103,116,133,127,108,44,75,71,58,95,79,-28,-28,-40,-31,-31,-11,-5,-17,-125,-105,-147,-143,-158,-137,-143,-139,-124,-124,-124,-124,-168,-8,-10,-20,-25,-8,-17,-8,-8,-8,-8,-8,-8,-8,-8,0,-6,-6,-56,-55,-78,-78,-74,-75,-70,-84,-158,-119,-145,-144,-144,-142,-115,-72,-88,-73,-97,-90,-124,-124,-127,-10,-10,-10,-11,-11,-139]} 1. Nf3 Nf6 2. g3 g6 3. b3 Bg7 4. Bb2 O-O 5. Bg2 d6 6. d4 e5 7. dxe5 Ng4 8. Nc3 {A49: 1 d4 Nf6 2 Nf3 g6 3 g3: Anti-King's Indian systems} (8. c4 Nc6 9. O-O Ngxe5 10. Nc3 a5 11. Qd2 Be6 12. Nxe5 dxe5 13. Rfd1 Qxd2 14. Rxd2 Rfd8 15. Rad1 Rxd2 16. Rxd2 Rd8 17. Rxd8+ Nxd8 18. Nd5 {1-0 (79) Moussard,J (2570)-Pavlidis,A (2563) Orsay 2018}) 8... Nxe5 9. Nxe5 Bxe5 10. Qd2 Nc6 {LiveBook: 15 Games} 11. h4 h5 12. O-O-O a5 13. Nd5 $146 (13. Rhf1 $16) ({Predecessor:} 13. a3 a4 14. f4 Bg7 15. Nxa4 Ne7 16. Bxg7 Kxg7 {1-0 (46) Sredojevic,I (2355)-Setyaki,A (2317) Budapest 2017}) 13... a4 (13... Be6 $11 {keeps the balance.}) 14. Qg5 $1 $16 axb3 15. axb3 Bf5 16. Bxe5 Qxg5+ 17. hxg5 {White threatens Nf6+ and mate.} dxe5 18. Kb2 $1 Ra5 19. e4 (19. Ra1 $16) 19... Be6 $14 20. Nxc7 Nb4 21. Nxe6 fxe6 22. Rd2 (22. Bh3 $16) 22... Ra2+ $11 23. Kc3 Nxc2 (23... Rxc2+ $5 24. Rxc2 Nxc2 $15) 24. Bf1 $1 Rf3+ 25. Bd3 {[#]} Nb4 $1 {[%mdl 512]} 26. Rxa2 (26. Rhd1 $1 $11 Nxd3 27. Rxd3 Rfxf2 28. Kb4) (26. Kxb4 Rxd2) 26... Nxa2+ {[%mdl 4096] Endgame KRB-KRN} 27. Kd2 Rxf2+ 28. Ke3 Rg2 $1 {[%cal Rg2g3]} 29. Kf3 Rb2 $1 30. Bc4 Kf7 {Hoping for ...b5!} 31. Ra1 Ke7 32. Ke3 b5 $2 ({Black should try} 32... b6 $1 $19 {aiming for ...Nb4.} 33. Kd3 Rg2 {[%mdl 64] Decoy}) 33. Bxb5 Rxb3+ {[%mdl 64] Double Attack} 34. Kf2 $1 Rb2+ 35. Ke3 Nb4 {White must now prevent ...Nc2+.} 36. Ra7+ Kd6 37. Be8 Rb3+ 38. Kf2 Nd3+ 39. Kg2 Ne1+ 40. Kh3 Nf3 41. Rd7+ Kc5 {( -> ...Rb2)} 42. Bxg6 Rb2 $1 {[%csl Gf3][%cal Rb2h2]} 43. Bxh5 Nxg5+ {[%mdl 64] Double Attack} 44. Kg4 Nxe4 45. Rc7+ (45. Ra7 $142) 45... Kd6 46. Rc1 Rb3 $1 47. Rd1+ Ke7 {Strongly threatening ...Nf2+.} 48. Rg1 Rb4 49. Kh4 Rb2 50. Kh3 Nf2+ 51. Kh4 {[#]} e4 $1 52. Re1 {[#]} Kf6 (52... Rb3 $1 $17 53. Re2 e3) 53. Re2 $1 {[%cal Re2b2] The position is equal.} Rxe2 54. Bxe2 Nd3 {...Nc1 is the strong threat.} 55. Kh3 {[%mdl 32768] Accuracy: White = 56%, Black = 61%. . Sensor Board Error (Ke4/e5)?} (55. g4 $11 {was the only way to keep the balance.}) 1-0

[Event "XLIV Sevilla Open 2019"]
[Site "Sevilla"]
[Date "2019.01.13"]
[Round "3"]
[White "Iniyan, P."]
[Black "Crespo, Eugenio"]
[Result "1-0"]
[WhiteElo "2456"]
[BlackElo "2169"]
[Annotator "TA"]
[PlyCount "121"]
[EventDate "2019.01.11"]
[EventType "swiss"]
[EventCountry "ESP"]
[SourceTitle "playchess.com"]
[Source "ChessBase"]
[SourceQuality "1"]

{[%evp 20,121,18,10,28,26,18,0,41,41,41,41,38,37,39,29,44,33,79,83,98,12,48,16,16,12,16,19,19,-8,0,0,20,18,20,18,25,0,0,0,0,0,29,0,7,0,0,0,8,-26,-15,-10,-10,-14,-6,-8,-8,-6,0,0,0,0,0,-26,-26,-27,-8,-15,-7,-26,-8,-8,0,0,0,0,0,0,0,0,0,0,0,0,0,0,0,0,0,0,0,-8,-9,-12,-5,-12,-8,-18,29974,29976,29997,29998,29998,29999]} 1. d4 d5 2. c4 e6 3. Nc3 Nf6 4. Nf3 Bb4 5. e3 c5 6. Bd3 Nc6 7. O-O O-O 8. a3 Ba5 9. h3 Qe7 {E56: Nimzo-Indian: Rubinstein: Main Line: 7...Nc6} 10. Qc2 dxc4 11. Bxc4 {LiveBook: 7 Games} Rd8 {[%cal Rc5d4] The position is equal.} 12. dxc5 Qxc5 13. Na4 $146 ({Predecessor:} 13. Ne4 Nxe4 14. Qxe4 Qf5 15. Qxf5 exf5 16. b4 Bb6 17. Bb2 {½-½ (17) Cvitan,O (2561)-Pelletier,Y (2604) Switzerland 2013}) 13... Qf5 (13... Qh5 {with more complications.} 14. b4 Bc7 15. b5 Ne5 16. Be2 Bd6) 14. Qxf5 exf5 15. b4 Bc7 16. Bb2 Ne4 17. Rac1 a6 18. Nd4 Bd7 {next ...Nxd4 is good for Black.} 19. Bd5 {[%cal Rd4c6]} Rac8 20. Bxe4 (20. Rfd1 $16) 20... Nxd4 (20... fxe4 {keeps more tension.} 21. Nc5 Nxd4 22. Bxd4 Bc6 23. Rc3 Bd6) 21. Bxd4 (21. Bxb7 {is more complex.} Ne2+ 22. Kh1 Nxc1 23. Rxc1 Bxa4 24. Bxc8 Rxc8 25. Be5) 21... fxe4 22. Nc5 Bc6 23. Rc3 Bd6 24. Nb3 Bd7 25. Rxc8 Bxc8 26. Bb6 Re8 27. Rd1 Be5 28. Nc5 f5 29. a4 Bc3 30. b5 Bb4 31. Nb3 g6 32. Rc1 axb5 33. axb5 Bd7 34. Nd4 Rc8 35. Ra1 Bd6 36. g3 Be5 37. Ra7 Rb8 38. Nb3 Bxb5 39. Ra5 Bc4 40. Nd2 Bc3 $1 {[%csl LRa5,LRd2][%mdl 64] [#] Double Attack} 41. Nxc4 Bxa5 42. Nxa5 Ra8 43. g4 Ra6 44. Nc4 Ra1+ 45. Kg2 Rc1 46. Ne5 Rb1 47. Bd4 Kf8 48. Nd7+ Kf7 49. Kg3 b5 50. gxf5 gxf5 51. Kf4 Rf1 52. Kxf5 Rxf2+ 53. Kxe4 Rh2 54. Ne5+ Ke8 55. Kd5 Rxh3 56. Ng4 Rh1 57. Ke6 b4 58. Bc5 {And now Be7 would win.} b3 $2 {[%mdl 8192] [#]} (58... Rh4 $11 59. Nf6+ Kd8) 59. Be7 $1 {[%cal Rg4f6] White mates.} Rh6+ 60. Nxh6 b2 61. Ng4 {Accuracy: White = 57%, Black = 50%.} 1-0

[Event "XLIV Sevilla Open 2019"]
[Site "Sevilla"]
[Date "2019.01.13"]
[Round "3"]
[White "Starostits, Ilmars"]
[Black "Callejas Rojas, Francisco Miguel"]
[Result "1-0"]
[WhiteElo "2442"]
[BlackElo "2164"]
[Annotator "TA"]
[PlyCount "119"]
[EventDate "2019.01.11"]
[EventType "swiss"]
[EventCountry "ESP"]
[SourceTitle "playchess.com"]
[Source "ChessBase"]
[SourceQuality "1"]

{[%evp 13,119,19,19,4,15,5,29,14,53,88,60,2,65,66,66,66,66,67,67,66,79,72,59,38,101,123,118,73,87,39,47,0,45,41,30,27,89,16,64,16,23,16,9,13,54,68,66,67,225,230,214,48,43,42,77,42,49,-10,62,75,59,60,175,183,226,254,243,154,167,168,154,143,157,152,159,152,152,139,187,187,199,199,198,204,233,210,210,180,328,315,360,362,487,479,483,488,1028,863,5919,5622,5006,2107,2901,2504,29990,29991,29992,29993]} 1. Nf3 Nf6 2. d4 d5 3. c4 dxc4 4. e3 b5 5. a4 b4 6. Bxc4 {D25: Queen's Gambit Accepted: 4 e3: sidelines and 4...Bg4} e6 7. a5 a6 {LiveBook: 12 Games} 8. Ne5 $146 {The position is equal.} ({Predecessor:} 8. Nbd2 Bb7 9. O-O c5 10. Nb3 Nbd7 11. dxc5 Nxc5 12. Nxc5 Bxc5 {1-0 (45) Bluebaum,M (2631)-Anand,V (2776) Karlsruhe/Baden-Baden 2018}) 8... Bb7 9. O-O c5 10. Nd2 cxd4 11. Ndf3 Bd6 12. Qxd4 (12. Nxf7 $14 Kxf7 13. Ng5+ Ke7 14. exd4) 12... Nc6 (12... Bxf3 $11 13. Nxf3 (13. gxf3 Qc7 $11) 13... Nc6) 13. Nxc6 $14 Bxc6 14. Rd1 Bd5 15. Bxd5 exd5 16. b3 O-O 17. Bb2 Re8 18. h3 Rb8 (18... Bf8 $1 $14) 19. Qd3 $16 Ne4 20. Qxd5 Bf8 21. Qf5 Qc8 $1 {[%cal Rc8f5]} 22. Qf4 (22. Rd7 $2 Nd6 $19) 22... Nc3 {Threatens to win with ...Ne2+.} 23. Bxc3 bxc3 24. Nd4 Bc5 (24... Qb7 $11) 25. Rac1 (25. Rdc1 $16 Bxd4 26. Qxd4) 25... Bb4 26. Rc2 Bxa5 27. Nf5 Bb4 $1 28. Rd4 {[%cal Bd1d4,Bd4f4,Bf4f5,Bf5d5][%mdl 32]} a5 (28... Bf8 $6 29. Rc4 $16) 29. Qg5 {[%csl Gf5][%cal Rg5g7]} g6 30. Nh6+ $40 {[%mdl 128] White has some attack.} Kf8 $2 (30... Kg7 $14) 31. Rf4 $18 {[%csl Gh6][%cal Rf4f7]} ({But not} 31. Qf6 $6 Qe6) 31... Rb7 32. Ng4 $2 ({Don't play} 32. Qf6 $6 Qe6 $16) (32. Qd5 $1 $18 {[%cal Rf4f7]} Qd7 33. Rxf7+ Qxf7 34. Nxf7 Rxf7 35. e4) 32... f5 $14 33. Nf6 Re6 34. Rxf5 {Qh6+ is the strong threat.} Kg7 $1 35. Ng4 (35. Nd5 $1 $14) 35... Kh8 ({Black should try} 35... Be7 $11 36. Qh6+ Kg8 37. Rxa5 Qd8) 36. Rd5 Rd7 {And now ...Be7 would win.} 37. e4 Be7 (37... Qe8 $14) 38. Qc1 Bb4 {[#]} 39. Qd1 $1 Rxd5 40. Qxd5 {aiming for Qd4+.} Qc6 {[#]} 41. Qxc6 $1 Rxc6 $18 {[%mdl 4096] Endgame KRB-KRN} 42. Kf1 Ba3 43. Ne5 Rc8 44. Ke2 Kg7 45. Nc4 Bb4 {White must now prevent ...a4!} 46. Nb6 Re8 47. Kd3 Rd8+ 48. Nd5 Kf7 49. Kc4 Rc8+ 50. Kd4 Rd8 (50... g5 $142 51. Nxc3 Bf8) 51. f4 Ke6 52. g4 {[%cal Bg2g4,Bg4f5][%mdl 32]} Rd7 53. f5+ gxf5 54. gxf5+ Kf7 (54... Kd6 $142 55. Nxc3 Bc5+ 56. Kc4 Rb7 57. Rd2+ Kc6) 55. e5 {[%cal Be4e5,Be5e6,Be6e7][%mdl 32]} Rd8 56. e6+ Kg7 57. Rg2+ (57. f6+ $142 Kh8 58. e7 Bxe7 59. fxe7) 57... Kh6 58. f6 Rc8 59. Nxb4 axb4 60. e7 {Accuracy: White = 62%, Black = 31%.} 1-0

[Event "XLIV Sevilla Open 2019"]
[Site "Sevilla"]
[Date "2019.01.13"]
[Round "3"]
[White "Larino Nieto, David"]
[Black "Jimenez Morales, Francisco"]
[Result "1-0"]
[WhiteElo "2432"]
[BlackElo "2133"]
[Annotator "TA"]
[PlyCount "87"]
[EventDate "2019.01.11"]
[EventType "swiss"]
[EventCountry "ESP"]
[SourceTitle "playchess.com"]
[Source "ChessBase"]
[SourceQuality "1"]

{[%evp 9,87,31,28,43,39,-33,0,-45,-47,-144,-144,-132,-100,-268,-264,-300,-260,-367,-345,-460,-405,-408,-409,-392,-380,-376,-327,-443,-456,-445,-447,-466,-470,-649,-282,-350,-352,-361,-315,-329,-321,-328,-325,-317,-272,-300,-294,-452,-376,-453,-450,-527,-406,-391,-338,-283,-191,-318,-96,-100,-98,-144,-48,-156,-80,-118,1290,1291,1243,1242,29994,29995,29995,29996,29996,29993,29997,29994,29994,66]} 1. Nf3 Nf6 2. e3 g6 3. c4 (3. b3 Bg7 4. Bb2 O-O 5. d4 c5 6. d5 b5 7. Be2 Qa5+ 8. c3 Bb7 9. a4 Nxd5 10. axb5 Qb6 11. O-O a6 12. bxa6 Nxa6 13. Qc2 Nab4 {½-½ (84) Nakamura,H (2785)-Grischuk,A (2761) Paris 2017}) 3... Bg7 4. Nc3 b6 5. d4 d6 6. Bd3 {A05: Réti Opening: 1 Nf3 Nf6} O-O 7. Ne4 $146 (7. O-O $14) ({Predecessor:} 7. O-O Nbd7 8. Rb1 e5 9. b4 Re8 10. Be2 e4 11. Nd2 {0-1 (42) Bruno,F (2447)-Salgado Lopez,I (2623) Forni di Sopra 2012}) 7... Nbd7 8. h4 {The position is equal.} Bb7 9. Neg5 ({White should try} 9. Nc3 $15) 9... e5 $17 {Hoping for ...h6.} 10. d5 h6 11. h5 $2 (11. Ne4 $17) 11... hxg5 $19 12. Nxg5 e4 ({Don't do} 12... gxh5 13. Bh7+ $1 {[%mdl 512]} Nxh7 14. Nxh7 $19) 13. Bc2 (13. Nxe4 {is a better defense.} Nxh5 14. Rxh5 gxh5 15. Qxh5) 13... Nxd5 14. h6 Qxg5 15. hxg7 Rfe8 {[%cal Bf8e8,Be8e5,Be5d5][%mdl 32]} 16. cxd5 Qxg2 17. Kd2 Kxg7 18. Ba4 Re5 19. Kc2 Rxd5 20. Bd2 Ne5 21. Qe2 {[#]} Qg4 (21... Ba6 $142 $1 {[%mdl 512]} 22. Qxa6 Qxf2) 22. Qf1 a5 23. Bb5 Rh8 24. Rxh8 Kxh8 25. Bc3 Kg8 26. Be2 Nf3 27. a3 Rh5 28. b4 (28. Rc1 $142) 28... a4 29. Rc1 Qe6 {[%csl Ga4][%cal Re6b3]} 30. Rb1 Bd5 31. Kb2 Ba2 32. Rc1 c5 ({But not} 32... Qb3+ 33. Ka1 $19) 33. Bxf3 {[#]} (33. Ka1 $142) 33... exf3 $2 (33... Qb3+ $1 $19 {has better winning chances.} 34. Ka1 Bb1) 34. Qa6 $17 {Intending Qa8+ and mate.} f6 35. Qxb6 Rh2 (35... Bd5 $17 {aiming for ...Rh2.} 36. Rd1 Rh2) 36. Ka1 {[#]} ({White should play} 36. Qb8+ $1 $15 Kg7 37. Qb7+ Qf7 38. Qxf3) 36... cxb4 (36... Rxf2 37. Qb8+ Kf7 38. Rh1 $18) (36... Bd5 $142 $1 37. Bb2 c4) 37. Bd4 {And now Qd8+ would win.} bxa3 $2 {[%mdl 8192]} (37... g5 $17 38. Qb7 Bc4) 38. Qd8+ $18 {[%mdl 64] Double Attack} Kh7 39. Bxf6 {[%csl Gf6][%cal Rd8h8]} g5 40. Qh8+ {White mates.} Kg6 41. Qg7+ Kf5 42. Qxg5+ Ke4 43. Qf4+ Kd3 44. Qd4+ {Accuracy: White = 34%, Black = 38%.} 1-0